Normal view
MARC view
Entry Topical Term
001 - CONTROL NUMBER
- control field: 20652
003 - CONTROL NUMBER IDENTIFIER
- control field: OSt
005 - DATE AND TIME OF LATEST TRANSACTION
- control field: 20220217161729.0
008 - FIXED-LENGTH DATA ELEMENTS
- fixed length control field: 220217|| aca||aabn | a|a d
040 ## - CATALOGING SOURCE
- Original cataloging agency: OSt
- Transcribing agency: OSt
150 ## - HEADING--TOPICAL TERM
- Topical term or geographic name entry element: Historic Fiction: ಚಾರಿತ್ರಿಕ ಕಾದಂಬರಿ
670 ## - SOURCE DATA FOUND
- Source citation: Work cat.: (OSt)221554: Sreedhara H G: ಶ್ರೀಧರ ಎಚ್ ಜಿ 20651, Chapada: Idu Aksharada Payana: ಚಪಡ ಇದು ಅಕ್ಷರದ ಪಯಣ , 2021